Nalaganje...
Digital library resources /
| Glavni avtor: | |
|---|---|
| Format: | Printed Book |
| Jezik: | English |
| Izdano: |
New Delhi :
Ess Ess Publications,
2005.
|
| Teme: |
| LEADER | 00539nam a2200157Ia 4500 | ||
|---|---|---|---|
| 008 | 160114b xxu||||| |||| 00| 0 eng d | ||
| 020 | |a 8170004411 | ||
| 082 | |a 026.004 | ||
| 100 | |a Mittal, Savita | ||
| 245 | |a Digital library resources / |c By Savita Mittal | ||
| 260 | |a New Delhi : |b Ess Ess Publications, |c 2005. | ||
| 300 | |a 282 p. | ||
| 653 | |a Digital library | ||
| 942 | |c BK | ||
| 999 | |c 143965 |d 143965 | ||
| 952 | |0 0 |1 0 |2 ddc |4 0 |6 026_004000000000000_MIT_D |7 0 |9 153275 |a LIS |b LIS |c ST1 |d 2007-02-13 |g 575.00 |i 02709 |l 0 |o 026.004 MIT/D |p LIS2709 |r 2016-07-26 |y BK | ||